000
00271nam a2200097Ia 4500
008
170620s9999 xx 000 0 und d
100
_a
Mathur- S. S. (Hindi)
245
0
_a
Shiksha ke Darshnik Tatha Samajshastriya Adhar (Hindi)
260
_b
Agra- Vinod Pustak Mandir
260
_c
2000
300
_a
555
999
_c
23552
_d
23552